Catalog

Record Details

Catalog Search



Dienen und Verdienen : Hitlers Geschenke an seine Eliten  Cover Image Book Book

Dienen und Verdienen : Hitlers Geschenke an seine Eliten / Gerd R. Ueberschär, Winfried Vogel

Record details

  • ISBN: 3-596-14966-5
  • Physical Description: 302 S. : Ill ; 19 cm
  • Edition: 3. Aufl., durchges. Ausg.
  • Publisher: Frankfurt am Main : Fischer-Taschenbuch-Verl., 2001

Content descriptions

General Note:
Literaturverz. S. 285 - 291

Available copies

  • 1 of 1 copy available at Common Catalog SPOK.

Holds

  • 0 current holds with 1 total copy.
Show Only Available Copies
Location Call Number / Copy Notes Barcode Shelving Location Status Due Date
Terezin Initiative Institute 4201 4594304201 Knihovna ITI Available -

LDR 02418nam a2200541 4500
00149789
003CZ-PrJAB
00520221116155858.0
008020814s2001 gw 000 0 ger d
020 . ‡a3-596-14966-5
035 . ‡a(DE-601)352484276
035 . ‡a(OCoLC)248455564
035 . ‡a(DE-599)GBV352484276
040 . ‡aGBVCP ‡bger ‡cGBVCP
0410 . ‡ager
1001 . ‡aUeberschär, Gerd R. ‡4aut
24510. ‡aDienen und Verdienen : ‡bHitlers Geschenke an seine Eliten / ‡cGerd R. Ueberschär, Winfried Vogel
250 . ‡a3. Aufl., durchges. Ausg.
260 . ‡aFrankfurt am Main : ‡bFischer-Taschenbuch-Verl., ‡c2001
300 . ‡a302 S. : ‡bIll ; ‡c19 cm
4900 . ‡aFischer ; ‡v14966. ‡aDie Zeit des Nationalsozialismus
500 . ‡aLiteraturverz. S. 285 - 291
7001 . ‡aVogel, Winfried ‡4aut
910 . ‡aABE340 ‡b4201
995 . ‡aska
901 . ‡a49789 ‡bAUTOGEN ‡c49789 ‡tbiblio

Additional Resources